The white peacock

Saved in:
Bibliografiske detaljer
Hovedforfatter: Lawrence, David Herbert (Author)
Format: Bog
Sprog:engelsk
Udgivet: Londres Granada Publishing 1984
Fag:
Tags: Tilføj Tag
Ingen Tags, Vær først til at tagge denne postø!

MARC

LEADER 00000nam a2200000 a 4500
001 UCQ4375
003 CL-VaPUC
008 980904e19840000UK |||||||||||||||||eng|d
082 0 4 |a 823  |b LAW  |2 21 
100 |a Lawrence, David Herbert  |e author  |9 303256 
245 1 4 |a The white peacock 
300 |a 401 p 
942 |c BK 
945 |d 19980904 00:00:00  |a crobeson 
260 |a Londres  |b Granada Publishing  |c 1984 
650 0 |a Novelas inglesas  |9 265220 
650 0 |a Literatura inglesa  |9 312907 
583 |a last modification  |c 19980904 00:00:00  |k Rodrigo Vera 
999 |c 274759  |d 274757 
952 |0 0  |1 0  |4 0  |6 823_000000000000000_LAW_1984  |7 0  |8 A  |9 311063  |a BIBEDU  |b BIBEDU  |d 2019-11-20  |i 1463462  |o 823 LAW 1984  |p 1463462  |r 2019-11-20  |w 2019-11-20  |y BK  |k LIT